[Event "ABC-4 2025 Groep B"]
[Site "Utrecht"]
[Date "2025.03.15"]
[Round "1.7"]
[White "Katpatal, Akshaj"]
[Black "Haque, Nishaaz"]
[Result "1-0"]
[WhiteFideId "8800165"]
[BlackFideId "8874591"]
[WhiteElo "1974"]
[BlackElo "1874"]

1. e4 {[%clk 00:55:14]} {[%emt 00:00:05]} c5 {[%clk 00:55:14]} {[%emt
00:00:06]} 2. Nf3 {[%clk 00:55:16]} {[%emt 00:00:08]} Nc6 {[%clk 00:55:19]}
{[%emt 00:00:05]} 3. d4 {[%clk 00:54:53]} {[%emt 00:00:33]} cxd4 {[%clk
00:55:24]} {[%emt 00:00:05]} 4. Nxd4 {[%clk 00:54:54]} {[%emt 00:00:07]} e5
{[%clk 00:55:29]} {[%emt 00:00:06]} 5. Nb5 {[%clk 00:54:55]} {[%emt 00:00:09]}
d6 {[%clk 00:55:35]} {[%emt 00:00:04]} 6. N1c3 {[%clk 00:54:58]} {[%emt
00:00:08]} a6 {[%clk 00:55:42]} {[%emt 00:00:03]} 7. Na3 {[%clk 00:55:03]}
{[%emt 00:00:04]} Be7 {[%clk 00:55:49]} {[%emt 00:00:03]} 8. Be3 {[%clk
00:54:20]} {[%emt 00:00:54]} b5 {[%clk 00:48:48]} {[%emt 00:07:11]} 9. Nd5
{[%clk 00:53:02]} {[%emt 00:01:28]} Rb8 {[%clk 00:48:13]} {[%emt 00:00:44]} 10.
c4 {[%clk 00:49:57]} {[%emt 00:03:16]} b4 {[%clk 00:44:31]} {[%emt 00:03:52]}
11. Nc2 {[%clk 00:49:58]} {[%emt 00:00:09]} Nf6 {[%clk 00:44:28]} {[%emt
00:00:13]} 12. Nxf6+ {[%clk 00:46:54]} {[%emt 00:03:13]} Bxf6 {[%clk 00:44:13]}
{[%emt 00:00:25]} 13. b3 {[%clk 00:46:19]} {[%emt 00:00:45]} O-O {[%clk
00:43:37]} {[%emt 00:00:45]} 14. Be2 {[%clk 00:41:57]} {[%emt 00:04:33]} Be6
{[%clk 00:41:25]} {[%emt 00:02:22]} 15. Qd2 {[%clk 00:41:11]} {[%emt 00:00:54]}
Qe7 {[%clk 00:39:35]} {[%emt 00:02:02]} 16. O-O {[%clk 00:40:10]} {[%emt
00:01:11]} g6 {[%clk 00:38:57]} {[%emt 00:00:48]} 17. Rad1 {[%clk 00:39:17]}
{[%emt 00:01:03]} Rfd8 {[%clk 00:38:41]} {[%emt 00:00:26]} 18. Qc1 {[%clk
00:36:54]} {[%emt 00:02:33]} Bg7 {[%clk 00:37:01]} {[%emt 00:01:51]} 19. Rd3
{[%clk 00:34:57]} {[%emt 00:02:06]} f5 {[%clk 00:33:11]} {[%emt 00:04:00]} 20.
f3 {[%clk 00:33:03]} {[%emt 00:02:04]} Rd7 {[%clk 00:27:13]} {[%emt 00:06:09]}
21. Bg5 {[%clk 00:30:42]} {[%emt 00:02:29]} Qf8 {[%clk 00:24:47]} {[%emt
00:02:38]} 22. Be3 {[%clk 00:27:23]} {[%emt 00:03:28]} a5 {[%clk 00:21:44]}
{[%emt 00:03:14]} 23. Rfd1 {[%clk 00:26:55]} {[%emt 00:00:38]} f4 {[%clk
00:10:08]} {[%emt 00:11:46]} 24. Bf2 {[%clk 00:26:45]} {[%emt 00:00:20]} Qe7
{[%clk 00:10:05]} {[%emt 00:00:12]} 25. R1d2 {[%clk 00:25:54]} {[%emt
00:01:01]} Bf8 {[%emt 00:00:58]} 26. Ne1 {[%clk 00:22:17]} {[%emt 00:03:44]}
Nd8 {[%clk 00:07:28]} {[%emt 00:02:02]} 27. Qd1 {[%clk 00:20:08]} {[%emt
00:02:19]} Nb7 {[%clk 00:06:49]} {[%emt 00:00:49]} 28. Nc2 {[%clk 00:13:27]}
{[%emt 00:06:51]} Qd8 {[%clk 00:00:23]} {[%emt 00:06:37]} 29. a3 {[%clk
00:07:15]} {[%emt 00:06:23]} Qc8 {[%clk 00:00:32]} {[%emt 00:00:01]} 30. a4
{[%clk 00:03:39]} {[%emt 00:03:46]} Nc5 {[%clk 00:00:38]} {[%emt 00:00:03]} 31.
Bxc5 {[%clk 00:03:45]} {[%emt 00:00:03]} Qxc5+ {[%clk 00:00:42]} {[%emt
00:00:06]} 32. Kh1 {[%clk 00:03:44]} {[%emt 00:00:11]} g5 {[%clk 00:00:37]}
{[%emt 00:00:15]} 33. Qg1 {[%clk 00:03:44]} {[%emt 00:00:09]} Qxg1+ {[%clk
00:00:20]} {[%emt 00:00:28]} 34. Kxg1 {[%clk 00:03:50]} {[%emt 00:00:04]} Rdb7
{[%clk 00:00:18]} {[%emt 00:00:14]} 35. g3 {[%clk 00:02:51]} {[%emt 00:01:08]}
Rg7 {[%clk 00:00:20]} {[%emt 00:00:07]} 36. Bf1 {[%clk 00:02:36]} {[%emt
00:00:26]} h5 {[%clk 00:00:28]} {[%emt 00:00:03]} 37. Rg2 {[%clk 00:02:15]}
{[%emt 00:00:29]} Rbb7 {[%clk 00:00:34]} {[%emt 00:00:06]} 38. gxf4 {[%clk
00:01:39]} {[%emt 00:00:46]} exf4 {[%clk 00:00:14]} {[%emt 00:00:29]} 39. Nd4
{[%clk 00:01:46]} {[%emt 00:00:03]} Bd7 {[%clk 00:00:15]} {[%emt 00:00:09]} 40.
Nb5 {[%clk 00:01:03]} {[%emt 00:00:53]} Rg6 {[%clk 00:00:14]} {[%emt 00:00:11]}
41. Rd5 {[%clk 00:01:00]} {[%emt 00:00:14]} Bc6 {[%clk 00:00:19]} {[%emt
00:00:04]} 42. Rdxg5 {[%clk 00:01:02]} {[%emt 00:00:07]} Rgg7 {[%clk 00:00:13]}
{[%emt 00:00:16]} 43. Nd4 {[%clk 00:00:44]} {[%emt 00:00:29]} Be8 {[%emt
00:00:03]} 44. Ne6 {[%clk 00:00:44]} {[%emt 00:00:08]} Rxg5 {[%clk 00:00:21]}
{[%emt 00:00:10]} 45. Rxg5+ {[%clk 00:00:53]} {[%emt 00:00:01]} Kf7 {[%clk
00:00:15]} {[%emt 00:00:17]} 46. Nd8+ {[%clk 00:01:01]} {[%emt 00:00:01]} Kf6
{[%clk 00:00:25]} 47. Rf5+ {[%clk 00:01:09]} {[%emt 00:00:02]} 1-0

[Event "ABC-4 2025 Groep B"]
[Site "Utrecht"]
[Date "2025.03.15"]
[Round "1.8"]
[White "Xu, Nicholas M"]
[Black "Heus, Daan"]
[Result "1-0"]
[WhiteFideId "8883281"]
[BlackFideId "8814652"]
[WhiteElo "1794"]
[BlackElo "1956"]

1. e4 {[%clk 00:55:17]} {[%emt 00:00:02]} e5 {[%clk 00:55:16]} {[%emt
00:00:05]} 2. Nf3 {[%clk 00:55:24]} {[%emt 00:00:03]} Nc6 {[%clk 00:55:23]}
{[%emt 00:00:04]} 3. d4 {[%clk 00:55:28]} {[%emt 00:00:05]} exd4 {[%clk
00:55:31]} {[%emt 00:00:03]} 4. Nxd4 {[%clk 00:55:30]} {[%emt 00:00:08]} Nf6
{[%clk 00:55:38]} {[%emt 00:00:03]} 5. Nc3 {[%clk 00:55:14]} {[%emt 00:00:27]}
Bb4 {[%clk 00:55:32]} {[%emt 00:00:16]} 6. Nxc6 {[%clk 00:54:52]} {[%emt
00:00:32]} bxc6 {[%clk 00:55:35]} {[%emt 00:00:07]} 7. Bd3 {[%clk 00:54:35]}
{[%emt 00:00:27]} d5 {[%clk 00:55:38]} {[%emt 00:00:08]} 8. exd5 {[%clk
00:54:18]} {[%emt 00:00:27]} cxd5 {[%clk 00:55:42]} {[%emt 00:00:06]} 9. O-O
{[%clk 00:54:10]} {[%emt 00:00:17]} O-O {[%clk 00:55:45]} {[%emt 00:00:06]} 10.
Bg5 {[%clk 00:51:23]} {[%emt 00:02:57]} c6 {[%clk 00:55:48]} {[%emt 00:00:08]}
11. Re1 {[%clk 00:49:36]} {[%emt 00:01:57]} Bd6 {[%clk 00:49:37]} {[%emt
00:06:21]} 12. Ne2 {[%clk 00:47:29]} {[%emt 00:02:16]} Bxh2+ {[%clk 00:48:23]}
{[%emt 00:01:25]} 13. Kh1 {[%clk 00:37:41]} {[%emt 00:09:58]} Be5 {[%clk
00:42:26]} {[%emt 00:06:08]} 14. c3 {[%clk 00:36:03]} {[%emt 00:01:48]} h6
{[%clk 00:38:32]} {[%emt 00:04:05]} 15. Bh4 {[%clk 00:35:26]} {[%emt 00:00:47]}
Ng4 {[%clk 00:33:45]} {[%emt 00:04:57]} 16. Bxd8 {[%clk 00:31:37]} {[%emt
00:03:59]} Nxf2+ {[%clk 00:33:16]} {[%emt 00:00:40]} 17. Kg1 {[%clk 00:31:01]}
{[%emt 00:00:46]} Nxd1 {[%clk 00:33:20]} {[%emt 00:00:05]} 18. Be7 {[%clk
00:23:54]} {[%emt 00:07:18]} Re8 {[%clk 00:32:38]} {[%emt 00:00:53]} 19. Ba3
{[%clk 00:22:49]} {[%emt 00:01:15]} Ne3 {[%clk 00:32:13]} {[%emt 00:00:35]} 20.
Nd4 {[%clk 00:21:44]} {[%emt 00:01:15]} Bxd4 {[%clk 00:29:00]} {[%emt
00:03:23]} 21. cxd4 {[%clk 00:21:44]} {[%emt 00:00:09]} Bd7 {[%clk 00:27:09]}
{[%emt 00:02:01]} 22. Bc5 {[%clk 00:20:10]} {[%emt 00:01:44]} a5 {[%clk
00:21:44]} {[%emt 00:05:36]} 23. Bd6 {[%clk 00:17:46]} {[%emt 00:02:34]} Nf5
{[%clk 00:19:40]} {[%emt 00:02:14]} 24. Bc5 {[%clk 00:16:22]} {[%emt 00:01:34]}
Rab8 {[%clk 00:14:45]} {[%emt 00:05:05]} 25. b3 {[%clk 00:15:30]} {[%emt
00:01:01]} g5 {[%clk 00:11:02]} {[%emt 00:03:53]} 26. Rf1 {[%clk 00:12:04]}
{[%emt 00:03:36]} Ng3 {[%clk 00:09:28]} {[%emt 00:01:44]} 27. Rf3 {[%clk
00:08:57]} {[%emt 00:03:17]} Ne4 {[%clk 00:09:01]} {[%emt 00:00:37]} 28. Ba3
{[%clk 00:08:24]} {[%emt 00:00:44]} f5 {[%clk 00:08:11]} {[%emt 00:01:00]} 29.
Re3 {[%clk 00:06:42]} {[%emt 00:01:52]} Kg7 {[%clk 00:06:24]} {[%emt 00:01:58]}
30. Rc1 {[%clk 00:06:30]} {[%emt 00:00:21]} f4 {[%clk 00:05:32]} {[%emt
00:01:01]} 31. Ree1 {[%clk 00:05:31]} {[%emt 00:01:09]} Kf6 {[%clk 00:04:44]}
{[%emt 00:00:58]} 32. Bxe4 {[%clk 00:05:15]} {[%emt 00:00:26]} Rxe4 {[%clk
00:04:30]} {[%emt 00:00:24]} 33. Bd6 {[%clk 00:04:52]} {[%emt 00:00:33]} Rbe8
{[%clk 00:04:17]} {[%emt 00:00:24]} 34. Be5+ {[%clk 00:04:52]} {[%emt
00:00:10]} Kf5 {[%clk 00:04:04]} {[%emt 00:00:22]} 35. Kf2 {[%clk 00:04:44]}
{[%emt 00:00:17]} a4 {[%clk 00:03:48]} {[%emt 00:00:27]} 36. b4 {[%clk
00:04:33]} {[%emt 00:00:21]} h5 {[%clk 00:03:19]} {[%emt 00:00:40]} 37. Rh1
{[%clk 00:03:35]} {[%emt 00:01:08]} h4 {[%clk 00:03:08]} {[%emt 00:00:21]} 38.
Rhe1 {[%clk 00:03:24]} {[%emt 00:00:21]} R8xe5 {[%clk 00:02:25]} {[%emt
00:00:53]} 39. dxe5 {[%clk 00:03:29]} {[%emt 00:00:05]} Rxb4 {[%clk 00:02:16]}
{[%emt 00:00:19]} 40. e6 {[%clk 00:03:09]} {[%emt 00:00:30]} Rb2+ {[%clk
00:01:32]} {[%emt 00:00:54]} 41. Kg1 {[%clk 00:02:45]} {[%emt 00:00:33]} Bxe6
{[%clk 00:01:07]} {[%emt 00:00:35]} 42. Rxc6 {[%clk 00:02:52]} {[%emt
00:00:02]} Bf7 {[%clk 00:01:01]} {[%emt 00:00:16]} 43. Rc7 {[%clk 00:02:36]}
{[%emt 00:00:27]} Bh5 {[%clk 00:00:44]} {[%emt 00:00:26]} 44. Rd7 {[%clk
00:02:17]} {[%emt 00:00:30]} Rd2 {[%clk 00:00:39]} {[%emt 00:00:15]} 45. Rde7
{[%clk 00:01:55]} {[%emt 00:00:32]} d4 {[%clk 00:00:22]} {[%emt 00:00:27]} 46.
R1e5+ {[%clk 00:01:59]} {[%emt 00:00:06]} Kf6 {[%clk 00:00:25]} {[%emt
00:00:07]} 47. R5e6+ {[%clk 00:01:54]} {[%emt 00:00:15]} Kf5 {[%clk 00:00:34]}
{[%emt 00:00:01]} 48. Re5+ {[%clk 00:02:03]} {[%emt 00:00:01]} Kf6 {[%clk
00:00:12]} {[%emt 00:00:32]} 49. R5e6+ {[%clk 00:01:51]} {[%emt 00:00:21]} Kf5
{[%clk 00:00:22]} {[%emt 00:00:01]} 50. Re5+ {[%clk 00:01:57]} {[%emt
00:00:04]} Kf6 {[%clk 00:00:13]} {[%emt 00:00:19]} 1-0

[Event "ABC-4 2025 Groep B"]
[Site "Utrecht"]
[Date "2025.03.15"]
[Round "1.9"]
[White "Kolijn, David"]
[Black "Deij, Casper"]
[Result "1/2-1/2"]
[WhiteFideId "8881345"]
[BlackFideId "8844990"]
[WhiteElo "1900"]
[BlackElo "1673"]

1. e4 {[%clk 00:55:16]} {[%emt 00:00:03]} e5 {[%clk 00:55:17]} {[%emt
00:00:04]} 2. Nf3 {[%clk 00:55:19]} {[%emt 00:00:07]} Nc6 {[%clk 00:55:23]}
{[%emt 00:00:05]} 3. Bb5 {[%clk 00:55:22]} {[%emt 00:00:06]} Nf6 {[%clk
00:55:26]} {[%emt 00:00:07]} 4. O-O {[%clk 00:55:26]} {[%emt 00:00:06]} d6
{[%clk 00:55:14]} {[%emt 00:00:22]} 5. Re1 {[%clk 00:55:13]} {[%emt 00:00:23]}
a6 {[%clk 00:55:20]} {[%emt 00:00:04]} 6. Bxc6+ {[%clk 00:54:50]} {[%emt
00:00:33]} bxc6 {[%clk 00:55:25]} {[%emt 00:00:06]} 7. c3 {[%clk 00:53:54]}
{[%emt 00:01:05]} Be7 {[%clk 00:55:10]} {[%emt 00:00:26]} 8. d4 {[%clk
00:52:05]} {[%emt 00:01:59]} exd4 {[%clk 00:53:56]} {[%emt 00:01:24]} 9. cxd4
{[%clk 00:52:07]} {[%emt 00:00:08]} O-O {[%clk 00:53:32]} {[%emt 00:00:34]} 10.
Qc2 {[%clk 00:50:02]} {[%emt 00:02:15]} Bb7 {[%clk 00:51:52]} {[%emt 00:01:50]}
11. Nc3 {[%clk 00:48:55]} {[%emt 00:01:17]} Re8 {[%clk 00:49:12]} {[%emt
00:02:50]} 12. Bg5 {[%clk 00:45:15]} {[%emt 00:03:50]} d5 {[%clk 00:46:54]}
{[%emt 00:02:28]} 13. e5 {[%clk 00:40:23]} {[%emt 00:05:01]} Nd7 {[%clk
00:46:18]} {[%emt 00:00:46]} 14. Bxe7 {[%clk 00:30:49]} {[%emt 00:09:45]} Qxe7
{[%clk 00:45:56]} {[%emt 00:00:31]} 15. Na4 {[%clk 00:27:45]} {[%emt 00:03:15]}
h6 {[%clk 00:41:55]} {[%emt 00:04:10]} 16. Re3 {[%clk 00:25:54]} {[%emt
00:02:01]} Rab8 {[%clk 00:40:29]} {[%emt 00:01:37]} 17. Rc1 {[%clk 00:23:09]}
{[%emt 00:02:55]} Ba8 {[%clk 00:38:30]} {[%emt 00:02:09]} 18. b3 {[%clk
00:19:48]} {[%emt 00:03:32]} a5 {[%clk 00:36:36]} {[%emt 00:02:04]} 19. Ne1
{[%clk 00:18:03]} {[%emt 00:01:54]} Qb4 {[%clk 00:32:49]} {[%emt 00:03:57]} 20.
Qf5 {[%clk 00:16:42]} {[%emt 00:01:30]} Nb6 {[%clk 00:29:15]} {[%emt 00:03:45]}
21. e6 {[%clk 00:10:52]} {[%emt 00:06:00]} fxe6 {[%clk 00:28:21]} {[%emt
00:01:04]} 22. Qe5 {[%clk 00:08:04]} {[%emt 00:02:59]} Nxa4 {[%clk 00:25:39]}
{[%emt 00:02:52]} 23. Nd3 {[%clk 00:06:42]} {[%emt 00:01:31]} Qd6 {[%clk
00:25:00]} {[%emt 00:00:49]} 24. bxa4 {[%clk 00:06:15]} {[%emt 00:00:37]} Qxe5
{[%clk 00:23:34]} {[%emt 00:01:36]} 25. Rxe5 {[%clk 00:05:22]} {[%emt
00:01:03]} Bb7 {[%clk 00:21:43]} {[%emt 00:02:02]} 26. Nc5 {[%clk 00:04:36]}
{[%emt 00:00:55]} Bc8 {[%clk 00:20:20]} {[%emt 00:01:33]} 27. Nb3 {[%clk
00:01:26]} {[%emt 00:03:20]} Bd7 {[%clk 00:20:06]} {[%emt 00:00:25]} 28. Rc5
{[%clk 00:01:10]} {[%emt 00:00:26]} Ra8 {[%clk 00:18:56]} {[%emt 00:01:20]} 29.
Nxa5 {[%clk 00:00:30]} {[%emt 00:00:49]} Reb8 {[%clk 00:18:42]} {[%emt
00:00:23]} 30. Re1 {[%clk 00:00:17]} {[%emt 00:00:23]} Rb4 {[%clk 00:18:06]}
{[%emt 00:00:46]} 31. Nxc6 {[%clk 00:00:13]} {[%emt 00:00:14]} Rbxa4 {[%clk
00:17:56]} {[%emt 00:00:20]} 32. Ne5 {[%clk 00:00:16]} {[%emt 00:00:07]} Bc8
{[%clk 00:16:52]} {[%emt 00:01:14]} 33. Nf3 {[%clk 00:00:14]} {[%emt 00:00:12]}
R8a7 {[%clk 00:16:27]} {[%emt 00:00:36]} 34. h3 {[%clk 00:00:13]} {[%emt
00:00:11]} Rxa2 {[%clk 00:16:30]} {[%emt 00:00:07]} 35. Rec1 {[%clk 00:00:21]}
{[%emt 00:00:02]} Ra1 {[%clk 00:15:46]} {[%emt 00:00:55]} 36. Rxc7 {[%clk
00:00:15]} {[%emt 00:00:15]} Rxc1+ {[%clk 00:15:35]} {[%emt 00:00:21]} 37. Rxc1
{[%clk 00:00:22]} {[%emt 00:00:03]} Bd7 {[%clk 00:15:35]} {[%emt 00:00:09]} 38.
Rc2 {[%clk 00:00:19]} {[%emt 00:00:14]} Kf8 {[%clk 00:15:16]} {[%emt 00:00:30]}
39. Ne5 {[%clk 00:00:17]} {[%emt 00:00:11]} Ke7 {[%clk 00:14:51]} {[%emt
00:00:35]} 40. Kh2 {[%clk 00:00:13]} {[%emt 00:00:14]} Kf6 {[%clk 00:14:29]}
{[%emt 00:00:32]} 41. Rc3 {[%clk 00:00:14]} {[%emt 00:00:07]} Be8 {[%clk
00:14:19]} {[%emt 00:00:22]} 42. Rf3+ {[%clk 00:00:16]} {[%emt 00:00:08]} Ke7
{[%clk 00:14:21]} {[%emt 00:00:08]} 43. Rg3 {[%clk 00:00:16]} {[%emt 00:00:09]}
Kf6 {[%clk 00:14:19]} {[%emt 00:00:13]} 44. Rf3+ {[%clk 00:00:18]} {[%emt
00:00:08]} Ke7 {[%clk 00:14:24]} {[%emt 00:00:05]} 45. Kg3 {[%clk 00:00:24]}
{[%emt 00:00:04]} Ra4 {[%clk 00:14:04]} {[%emt 00:00:31]} 46. Rd3 {[%clk
00:00:21]} {[%emt 00:00:11]} Bb5 {[%clk 00:13:52]} {[%emt 00:00:22]} 47. Rd2
{[%clk 00:00:16]} {[%emt 00:00:15]} Kf6 {[%clk 00:13:33]} {[%emt 00:00:29]} 48.
Kf4 {[%clk 00:00:15]} {[%emt 00:00:12]} g5+ {[%clk 00:13:28]} {[%emt 00:00:14]}
49. Kg3 {[%clk 00:00:20]} {[%emt 00:00:05]} h5 {[%clk 00:13:19]} {[%emt
00:00:19]} 50. Nf3 {[%clk 00:00:13]} {[%emt 00:00:17]} Ra3 {[%clk 00:13:03]}
{[%emt 00:00:27]} 51. Rb2 {[%clk 00:00:14]} {[%emt 00:00:08]} Bc4 {[%clk
00:12:23]} {[%emt 00:00:51]} 52. Rd2 {[%clk 00:00:16]} {[%emt 00:00:08]} Bb5
{[%clk 00:12:16]} {[%emt 00:00:17]} 53. Kh2 {[%clk 00:00:12]} {[%emt 00:00:13]}
Bc4 {[%clk 00:12:01]} {[%emt 00:00:25]} 54. Ne5 {[%clk 00:00:13]} {[%emt
00:00:09]} Ra4 {[%clk 00:11:31]} {[%emt 00:00:41]} 55. Kg3 {[%clk 00:00:11]}
{[%emt 00:00:12]} Ra3+ {[%clk 00:11:23]} {[%emt 00:00:17]} 56. f3 {[%clk
00:00:18]} {[%emt 00:00:02]} Ra4 {[%clk 00:11:10]} {[%emt 00:00:24]} 57. Kh2
{[%clk 00:00:22]} {[%emt 00:00:05]} Ra3 {[%clk 00:10:54]} {[%emt 00:00:26]} 58.
Nxc4 {[%clk 00:00:23]} {[%emt 00:00:09]} dxc4 {[%clk 00:11:00]} {[%emt
00:00:04]} 59. Rc2 {[%clk 00:00:31]} {[%emt 00:00:02]} c3 {[%clk 00:10:51]}
{[%emt 00:00:19]} 60. Kg3 {[%clk 00:00:35]} {[%emt 00:00:06]} e5 {[%clk
00:10:30]} {[%emt 00:00:32]} 61. d5 {[%clk 00:00:40]} {[%emt 00:00:05]} Ke7
{[%clk 00:10:23]} {[%emt 00:00:17]} 62. Kf2 {[%clk 00:00:46]} {[%emt 00:00:04]}
Ke6 {[%clk 00:09:39]} {[%emt 00:01:24]} 1/2-1/2

[Event "ABC-4 2025 Groep B"]
[Site "Utrecht"]
[Date "2025.03.15"]
[Round "1.10"]
[White "Koorevaar, Sarah-Joy"]
[Black "Darie, Aden"]
[Result "0-1"]
[WhiteFideId "8750841"]
[BlackFideId "8971622"]
[WhiteElo "1819"]
[BlackElo "1878"]

1. d4 {[%clk 00:55:19]} b6 {[%clk 00:55:13]} {[%emt 00:00:07]} 2. c4 {[%clk
00:55:20]} {[%emt 00:00:09]} Bb7 {[%clk 00:55:18]} {[%emt 00:00:04]} 3. Nf3
{[%clk 00:55:23]} {[%emt 00:00:08]} e6 {[%clk 00:55:22]} {[%emt 00:00:05]} 4.
g3 {[%clk 00:55:13]} {[%emt 00:00:21]} f5 {[%clk 00:55:24]} {[%emt 00:00:07]} 5.
Bg2 {[%clk 00:55:09]} {[%emt 00:00:15]} Nf6 {[%clk 00:55:28]} {[%emt 00:00:06]}
6. O-O {[%clk 00:55:09]} {[%emt 00:00:11]} Be7 {[%clk 00:55:30]} {[%emt
00:00:06]} 7. Nc3 {[%clk 00:54:40]} {[%emt 00:00:42]} O-O {[%clk 00:55:30]}
{[%emt 00:00:09]} 8. d5 {[%clk 00:51:35]} {[%emt 00:03:16]} Na6 {[%clk
00:55:16]} {[%emt 00:00:22]} 9. Nd4 {[%clk 00:43:47]} {[%emt 00:07:59]} Qc8
{[%clk 00:54:19]} {[%emt 00:01:07]} 10. dxe6 {[%clk 00:36:21]} {[%emt
00:07:36]} Bxg2 {[%clk 00:54:13]} {[%emt 00:00:15]} 11. Nxf5 {[%clk 00:35:54]}
{[%emt 00:00:37]} Qb7 {[%clk 00:49:55]} {[%emt 00:04:29]} 12. Nxe7+ {[%clk
00:35:25]} {[%emt 00:00:38]} Kh8 {[%clk 00:50:01]} {[%emt 00:00:05]} 13. Re1
{[%clk 00:34:34]} {[%emt 00:01:00]} dxe6 {[%clk 00:49:50]} {[%emt 00:00:22]} 14.
f3 {[%clk 00:34:06]} {[%emt 00:00:38]} Bh3 {[%clk 00:49:44]} {[%emt 00:00:16]}
15. Qa4 {[%clk 00:23:19]} {[%emt 00:10:58]} c6 {[%clk 00:49:48]} {[%emt
00:00:05]} 16. Qa3 {[%clk 00:02:13]} {[%emt 00:21:16]} Nb8 {[%clk 00:47:35]}
{[%emt 00:02:23]} 17. Bf4 {[%clk 00:01:05]} {[%emt 00:01:19]} c5 {[%clk
00:46:35]} {[%emt 00:01:10]} 18. Nb5 {[%clk 00:00:19]} {[%emt 00:00:57]} Na6
{[%clk 00:43:22]} {[%emt 00:03:23]} 19. Nc6 {[%clk 00:00:17]} {[%emt 00:00:12]}
Qxc6 {[%clk 00:43:29]} {[%emt 00:00:04]} 20. Qxa6 {[%clk 00:00:25]} {[%emt
00:00:02]} Nh5 {[%clk 00:40:26]} {[%emt 00:03:13]} 21. Bd6 {[%clk 00:00:16]}
{[%emt 00:00:19]} Rxf3 {[%clk 00:39:59]} {[%emt 00:00:36]} 0-1